000 00260nam a2200097Ia 4500
008 220203s9999 xx 000 0 und d
245 0 _aRubber Processing
260 _bRubber Research Institute of India
_aKottayam
_c2009
650 _aCrop Processing
942 _cPN
999 _c45155
_d45155